| 000 | 00985cam a2200265I 4500 | ||
|---|---|---|---|
| 001 | 16204 | ||
| 003 | BD-RjUL | ||
| 005 | 20211208235957.0 | ||
| 008 | 140211s1963 ilua b 00000 eng d | ||
| 035 | _a(BD-RjUL)16259 | ||
| 040 |
_aDLC _cURB _dSER _dm.c. _dBOS _dBD-RjUL _beng |
||
| 041 | _aeng | ||
| 082 | 0 | 0 |
_bCOM 1963 _a658.86 |
| 090 |
_aHF5420 _bF63 |
||
| 245 | 1 | 0 |
_aComparative marketing : _bwholesaling in fifteen countries / _cSponsored by the American Marketing Association. |
| 260 |
_aHomewood, Ill. : _bR. D. Irwin, _cc1963 |
||
| 300 |
_axii, 317 p. : _bdiagrs., tables. ; _c24 cm. |
||
| 500 | _aStudies prepared by the Comparative Marketing Committee, American Marketing Association, under the chairmanship of R. Bartels. | ||
| 504 | _aBibliography: p. [309]-317. | ||
| 650 | 0 |
_aWholesale trade. _949646 |
|
| 700 | 1 |
_aBartels, Robert, _910911 |
|
| 710 | 2 | 0 |
_aAmerican Marketing Association. _bComparative Marketing Committee. _950137 |
| 942 |
_2ddc _cBK |
||
| 999 |
_c16204 _d16204 |
||